000 00661nam a22002177a 4500
003 UA-OsUOA
001 72773
007 ta
008 20110127b un ||||| |||| 00| 0 ukr d
100 _aСотник І.
090 _a330(477)
_bС67
942 _cSA
040 _aUA-OsUOA
_bukr
_cUA-OsUOA
_dUA-OsUOA
245 _aЕкономічне стимулювання ресурсозбереження у контексті сталого розвитку України
300 _aС.76
955 _a0
041 _aukr
080 _a330(477)
773 0 _w72771
_tЕкономіст
_dК.
_d2010
_g12
650 7 _a330 Економіка взагалі
_2UDC
999 _c359057
_d359057